Music Quiz

Random Music Quiz

Pvris - You and I lyrics Quiz Stats

 Plays Quiz not verified by Sporcle

Challenge
Share
Tweet
Embed
Score 0/237 Timer 10:00
0 Plays Today
Answer % Correct
you
98.9%
you
98.9%
you
98.9%
you
98.9%
you
98.9%
you
98.9%
you
98.9%
you
98.9%
you
98.9%
you
98.9%
you
98.9%
you
98.9%
you
98.9%
you
98.9%
you
98.9%
you
98.9%
you
98.9%
you
98.9%
and
98.4%
And
98.4%
And
98.4%
and
98.4%
the
98.4%
And
98.4%
and
98.4%
the
98.4%
and
98.4%
the
98.4%
the
98.4%
and
98.4%
and
98.4%
And
98.4%
And
98.4%
and
98.4%
the
98.4%
And
98.4%
and
98.4%
the
98.4%
and
98.4%
the
98.4%
the
98.4%
and
98.4%
and
98.4%
the
98.4%
and
98.4%
the
98.4%
the
98.4%
and
98.4%
and
98.4%
it
96.2%
it
96.2%
it
96.2%
it
96.2%
Can
95.7%
Can
95.7%
can
95.7%
Can
95.7%
Can
95.7%
can
95.7%
Can
95.7%
i
93.5%
I
93.5%
I
93.5%
I
93.5%
I
93.5%
I
93.5%
I
93.5%
I
93.5%
I
93.5%
me
93.5%
I
93.5%
I
93.5%
I
93.5%
I
93.5%
I
93.5%
I
93.5%
I
93.5%
I
93.5%
I
93.5%
Answer % Correct
I
93.5%
I
93.5%
We
93%
We
93%
we
93%
we
93%
we
93%
it's
91.9%
it's
91.9%
it's
91.9%
in
91.4%
in
91.4%
in
91.4%
in
91.4%
in
91.4%
in
91.4%
in
91.4%
in
91.4%
in
91.4%
in
91.4%
make
90.3%
through
90.3%
night
90.3%
middle
90.3%
make
90.3%
through
90.3%
night
90.3%
middle
90.3%
middle
90.3%
so
89.7%
So
89.7%
so
89.7%
So
89.7%
know
89.2%
can't
89.2%
what
89.2%
give
89.2%
meet
89.2%
collide
89.2%
know
89.2%
can't
89.2%
give
89.2%
what
89.2%
give
89.2%
meet
89.2%
collide
89.2%
collide
89.2%
can't
89.2%
collide
89.2%
can't
89.2%
meet
89.2%
collide
89.2%
where
88.6%
want
88.6%
Bodies
88.6%
want
88.6%
Bodies
88.6%
Bodies
88.6%
by
88.1%
your
88.1%
side
88.1%
Just
88.1%
time
88.1%
souls
88.1%
Just
88.1%
time
88.1%
souls
88.1%
souls
88.1%
keep
87%
stars
87%
keep
87%
stars
87%
keep
87%
keep
87%
keep
87%
keep
87%
stars
87%
if
86.5%
if
86.5%
Answer % Correct
if
86.5%
if
86.5%
are
85.9%
But
85.9%
But
85.9%
But
85.9%
But
85.9%
When
85.4%
all
85.4%
when
85.4%
When
85.4%
all
85.4%
When
85.4%
all
85.4%
warmer
84.9%
moonlight
84.9%
moonlight
84.9%
moonlight
84.9%
For
83.2%
for
83.2%
For
83.2%
for
83.2%
for
83.2%
for
83.2%
For
83.2%
for
83.2%
safer
82.7%
oh
82.7%
oh
82.7%
oh
82.7%
be
82.2%
now
80.5%
our
80.5%
our
80.5%
now
80.5%
our
80.5%
now
80.5%
our
80.5%
alive
80%
Dance
80%
alive
80%
Dance
80%
Dance
80%
love
77.8%
love
77.8%
align
76.8%
align
76.8%
align
76.8%
cold
76.2%
we'll
74.6%
we'll
74.6%
my
74.1%
my
74.1%
we're
73.5%
hate
73.5%
to
73.5%
apart
73%
right
70.8%
feel
70.3%
this
68.6%
arms
68.6%
mind
68.6%
arms
68.6%
mind
68.6%
find
67.6%
find
67.6%
these
67%
these
67%
lonely
66.5%
lonely
66.5%
'Til
65.9%
'Til
65.9%
far
63.8%
far
63.8%
die
59.5%
limbs
58.4%
limbs
58.4%
stay
57.3%
stay
57.3%

You're not logged in!

Compare scores with friends on all Sporcle quizzes.
Join for Free
OR
Log In

You Might Also Like...

Show Comments

Extras

Created Apr 22, 2016ReportFavoriteNominate

Top Quizzes Today


Score Distribution

Your Account Isn't Verified!

In order to create a playlist on Sporcle, you need to verify the email address you used during registration. Go to your Sporcle Settings to finish the process.

Report this User

Report this user for behavior that violates our Community Guidelines.

Details: